Enterprise resource planning / (Record no. 19563)
[ view plain ]
| 000 -LEADER | |
|---|---|
| fixed length control field | 00576nam a22002057a 4500 |
| 003 - CONTROL NUMBER IDENTIFIER | |
| control field | OSt |
| 008 - FIXED-LENGTH DATA ELEMENTS--GENERAL INFORMATION | |
| fixed length control field | 230518b2019 |||||||| |||| 00| 0 eng d |
| 020 ## - INTERNATIONAL STANDARD BOOK NUMBER | |
| International Standard Book Number | 9788131532041 |
| 082 ## - DEWEY DECIMAL CLASSIFICATION NUMBER | |
| Classification number | 658.4012 |
| Item number | SIN-E |
| 100 ## - MAIN ENTRY--PERSONAL NAME | |
| Personal name | Singla, Ashim Raj |
| 245 ## - TITLE STATEMENT | |
| Title | Enterprise resource planning / |
| Statement of responsibility, etc | Ashim Raj Singla |
| 250 ## - EDITION STATEMENT | |
| Edition statement | 2nd ed. |
| 260 ## - PUBLICATION, DISTRIBUTION, ETC. (IMPRINT) | |
| Place of publication, distribution, etc | Delhi : |
| Name of publisher, distributor, etc | Cengage Learning, |
| Date of publication, distribution, etc | 2019 |
| 300 ## - PHYSICAL DESCRIPTION | |
| Extent / Pages | xv, 365 p. ; |
| 650 ## - SUBJECT ADDED ENTRY--TOPICAL TERM | |
| Topical term or geographic name as entry element | Management information systems |
| 650 ## - SUBJECT ADDED ENTRY--TOPICAL TERM | |
| Topical term or geographic name as entry element | Production planning |
| 650 ## - SUBJECT ADDED ENTRY--TOPICAL TERM | |
| Topical term or geographic name as entry element | Business planning |
| 650 ## - SUBJECT ADDED ENTRY--TOPICAL TERM | |
| Topical term or geographic name as entry element | Enterprise resource planning |
| 942 ## - ADDED ENTRY ELEMENTS (KOHA) | |
| Source of classification or shelving scheme | |
| Koha item type | Books |
| 942 ## - ADDED ENTRY ELEMENTS (KOHA) | |
| -- | 2 |
| Withdrawn status | Lost status | Source of classification or shelving scheme | Damaged status | Not for loan | Home library | Current library | Date acquired | Source of acquisition | Currency | Cost, normal purchase price | Full call number | Barcode | Date last seen | Copy number | Bill Date | Koha item type | Bill Number | Total Checkouts | Date last borrowed |
|---|---|---|---|---|---|---|---|---|---|---|---|---|---|---|---|---|---|---|---|
| SOBD Library | SOBD Library | 18/05/2023 | Vedi Books | INR | 525.00 | 658.4012 SIN-E1 | 003432 | 18/05/2023 | 1 | 17/04/2023 | Reference Books | VEDI/23-24/04/11 | |||||||
| SOBD Library | SOBD Library | 18/05/2023 | Vedi Books | INR | 525.00 | 658.4012 SIN-E2 | 003433 | 18/05/2023 | 2 | 17/04/2023 | Books | VEDI/23-24/04/11 | |||||||
| SOBD Library | SOBD Library | 18/05/2023 | Vedi Books | INR | 525.00 | 658.4012 SIN-E3 | 003434 | 18/05/2023 | 3 | 17/04/2023 | Books | VEDI/23-24/04/11 | |||||||
| SOBD Library | SOBD Library | 18/05/2023 | Vedi Books | INR | 525.00 | 658.4012 SIN-E4 | 003435 | 02/12/2024 | 4 | 17/04/2023 | Books | VEDI/23-24/04/11 | 1 | 21/11/2024 | |||||
| SOBD Library | SOBD Library | 18/05/2023 | Vedi Books | INR | 525.00 | 658.4012 SIN-E5 | 003436 | 17/10/2025 | 5 | 17/04/2023 | Books | VEDI/23-24/04/11 | 1 | 11/10/2025 | |||||
| SOBD Library | SOBD Library | 18/05/2023 | Vedi Books | INR | 525.00 | 658.4012 SIN-E6 | 003437 | 18/05/2023 | 6 | 17/04/2023 | Books | VEDI/23-24/04/11 |